000 00334 a2200121 4500
005 20250629121115.0
082 _a658 REV
245 _aA Guide for the Revitalization of Retail Districts
260 _aToronto,
_bSaving Small Business
_c1976
300 _a119p.;ill.; picture
_c23cm
700 _aSILBERBERG, T et all...
942 _2ddc
_cBKS
999 _c6310
_d6310